| 000 | 00742cab a2200241 4500 | ||
|---|---|---|---|
| 001 | ABS55124 | ||
| 008 | 090401t1996 xxu||||| |||| 00| 0 eng d | ||
| 035 | _a(Sirsi) u14371 | ||
| 041 | _aeng | ||
| 100 | _aAlexander, J. | ||
| 245 | _aIs security on development sites a lost cause? | ||
| 260 | _c1996 | ||
| 350 | _a0 | ||
| 490 |
_aCSM (Chartered Surveyor Monthly) _v5(8) May 1996, 36(1) |
||
| 520 | _aDiscusses the lack of awareness of crime in the construction industry and suggests some practical steps to combat it. | ||
| 650 | _aCONSTRUCTION INDUSTRY | ||
| 650 | _aCRIME PREVENTION | ||
| 650 | _aINSURANCE ISSUES | ||
| 650 | _aSECURITY | ||
| 690 | _aBUILT ENVIRONMENT-BUILDING STANDARDS | ||
| 942 | _n0 | ||
| 948 | _c04/03/1997 | ||
| 999 |
_c9354 _d9354 |
||